मगर मुहँ (Record no. 22557)

MARC details
000 -LEADER
fixed length control field 00548nam a2200169Ia 4500
008 - FIXED-LENGTH DATA ELEMENTS--GENERAL INFORMATION
fixed length control field 230917s9999||||xx |||||||||||||| ||und||
020 ## - ISBN
Price RS500
040 ## - CATALOGING SOURCE
-- 239576
Original cataloging agency VIVEKANANDA LIBRARY
041 ## - Language
-- English
082 ## - DDC NUMBER
Classification number 891.433721 BP469M
100 ## - MAIN ENTRY--PERSONAL NAME
Personal name भट्टाचार्य, प्रभात कुमार
245 #0 - TITLE STATEMENT
Title मगर मुहँ
260 ## - PUBLICATION, DISTRIBUTION, ETC. (IMPRINT)
Place of publication, distribution, etc नई दिल्ली
Name of publisher, distributor, etc भारतीय ज्ञानपीठ
Date of publication, distribution, etc 2016
300 ## - PHYSICAL DESCRIPTION
Pages 328 पृ. p.
500 ## - GENERAL NOTE
General note 2710 30/03/2017 HBD17/6964 29/05/2017 Main Budget
942 ## - ADDED ENTRY ELEMENTS (KOHA)
Koha item type Hindi Books
Holdings
Withdrawn status Lost status Damaged status Not for loan Location (home branch) Sublocation or collection (holding branch) Date acquired Koha issues (times borrowed) Koha full call number Accession No. Koha date last seen Koha item type
        VIVEKANANDA LIBRARY VIVEKANANDA LIBRARY 14/07/2017 2 891.433721 BP469M 362006 04/01/2025 Hindi Books
© Designed and Maintained by Vivekananda Library, MDU Rohtak